| 000 | 00747nam a2200253Ia 4500 | ||
|---|---|---|---|
| 003 | OSt | ||
| 005 | 20221005121143.0 | ||
| 006 | a|||||r|||| 00| 0 | ||
| 007 | ta | ||
| 008 | 221004b |||||||| |||| 00| 0 tam d | ||
| 024 | _a43730 | ||
| 037 | _cTextual | ||
| 040 |
_aCRL _cCRL _btam |
||
| 041 |
_2tam _atam |
||
| 082 | _aO15:gxFOO,1, 32K2 | ||
| 100 | _aJayadeva | ||
| 245 | 0 | _aGitagovindam ashtapadi with musical notations by R Sreenivasa Iyer and ed by K Achyutha Poduval and C K Raman Nambiar | |
| 260 | _c1962 | ||
| 490 | _aRavi VarmaSamskrita granthavali; 10 | ||
| 650 | _a ENGLISH LITERATURE | ||
| 650 | _aSANSKRIT LITERATURE | ||
| 942 |
_hO15:gxFOO,1, 32K2 _cTEXL _2cc |
||
| 999 |
_c1040278 _d1040278 |
||